Statistics for Boston Celtics 2016-17 Roster

Click here to take the quiz!

General Stats

  • This quiz has been taken 796 times
  • The average score is 10 of 16

Answer Stats

NbrPostPlayer% Correct
4PGIsaiah Thomas76
93%
42CAl Horford68
89%
99SFJae Crowder72
88%
7SFJaylen Brown78
83%
36SGMarcus Smart79
83%
0SGAvery Bradley55
82%
-Head CoachBrad Stevens-
75%
12PGTerry Rozier74
63%
90PFAmir Johnson80
62%
41CKelly Olynyk75
58%
30SFGerald Green47
48%
44CTyler Zeller51
48%
8PFJonas Jerebko78
39%
13SGJames Young29
32%
55PFJordan Mickey25
30%
9PGDemetrius Jackson5
25%

Score Distribution

Percentile by Number Answered

Percent of People with Each Score

Your Score History

You have not taken this quiz